Statistics for Bible Characters #3

Click here to take the quiz!

General Stats

  • This quiz has been taken 49 times
  • The average score is 10 of 15

Answer Stats

HintAnswer% Correct
Survived on a diet of locusts and honey{John} the Baptist
98%
Had a coat of many coloursJoseph
95%
Fought the war that broke down the walls of JerichoJoshua
95%
Built the templeSolomon
95%
Swallowed up by a big fishJonah
93%
Blinded on the road to DamascusPaul
90%
Moabitess who married BoazRuth
79%
Stoned to death for preaching the gospelStephen
60%
The eldest brother of the aboveReuben
57%
Xerxes’ second wifeEsther
52%
Judean king eaten by worms 🪱King {Herod}
48%
The only other spy that was in agreement with the aboveCaleb
45%
The brother of the above that was imprisoned in EgyptSimeon
43%
Refused to bow down to HamanMordecai
38%
King who built the famous water tunnelHezekiah
21%

Score Distribution

Percentile by Number Answered

Percent of People with Each Score

Your Score History

You have not taken this quiz